000 01062nam a2200229Ia 4500
001 L235-14680
003 IT-CnALBA
008 170116s9999||||xx |||||||||||||| ||und||
040 _aIT-CnALBA
_cIT-CnALBA
041 _aITALIANO
100 _aMARECHAL H. L., OP.
245 0 _aIL MISTERO DI MARIA SANTISSIMA.
250 _a1a ed.
260 _a ROMA
_bCOLETTI EDITORE
_c1963 [1° Ed.:1963]
300 _a99 p. (prefazione: 5)
500 _aTRADUZIONE ITALIANA DI P. GEROLAMO BERRUTI, OP. VITA NASCOSTA E VITA PUBBLICA DI MARIA. MADRE DELLA CHIESA. MADRE DI GESÙ. FIGLIO DI MARIA. ANCELLA DEL SIGNORE. VERGINE. IMITAZIONE. PREGHIERA.
501 _aSocietà San Paolo EM - Piazza San Paolo, 14 - 12051 ALBA (CN) (non commercial uses only) ® Copyright 2017
520 _aTRADUZIONE ITALIANA DI P. GEROLAMO BERRUTI, OP. VITA NASCOSTA E VITA PUBBLICA DI MARIA. MADRE DELLA CHIESA. MADRE DI GESÙ. FIGLIO DI MARIA. ANCELLA DEL SIGNORE. VERGINE. IMITAZIONE. PREGHIERA.
650 _aMARIA SS. ANGELI SANTI DEMONI
942 _cBK
957 _71
999 _a19432
_bNO
_g Copie: 1
_c273854
_d273854